| 000 | 00321nab a22001097u 4500 | ||
|---|---|---|---|
| 008 | 130520b1989 xxu||||| |||| 00| 0 spa d | ||
| 041 | _aspa | ||
| 100 | 1 |
_aEicher, Peter _912020 |
|
| 245 | 0 | 0 |
_aRevolución y reforma de la Iglesia _cPeter Eicher |
| 773 | 0 |
_tConcilium _gV.1,1989,págs.109-130 _x0210-1041 _wRev134 |
|
| 942 | _cAR | ||
| 999 |
_c355451 _d355451 |
||